| 000 | 01195nam a2200361 a 4500 | ||
|---|---|---|---|
| 001 | 21027 | ||
| 003 | VRT | ||
| 005 | 20260210154243.0 | ||
| 008 | 250414s1986 xo 0 slo | ||
| 015 | _aSNBA1986/06 | ||
| 035 | _aSNK000031050 | ||
| 039 | 9 |
_a202504141426 _bVLOAD _c202503180824 _dAUTHORITY _c202403140907 _dVLOAD _c201808151625 _dVLOAD |
|
| 040 |
_aSNK _bslo _cSNK _eAACR2 |
||
| 041 | 0 | _aslo | |
| 044 |
_axo _cSK |
||
| 080 |
_a850-3 _21981 |
||
| 100 | 1 |
_aStrati, Saverio _4aut |
|
| 245 | 1 | 0 |
_aSatanáš _cSaverio Strati ; Blahoslav Hečko, Blahoslav Hečko, Adela Jakabová |
| 250 | _a1. vyd. | ||
| 260 |
_aBratislava _bPravda _c1986 _eBratislava _fPravda |
||
| 300 |
_a209 s., 12,17 AH _c20 cm |
||
| 366 | _e18500 výtl. | ||
| 490 | 0 | _aMaják | |
| 500 | _aIlustr. na front. a predsádkach. | ||
| 700 | 1 |
_aHečko, Blahoslav, _d1915-2002 _4trl |
|
| 700 | 1 |
_aHečko, Blahoslav, _d1915-2002 _4[ADC] |
|
| 700 | 1 |
_aJakabová, Adela, _d1945- _4bkd |
|
| 942 |
_2ddc _cKLDO _n0 |
||
| 949 |
_617A0030415 _9P60, <05>, [BOOK], {605} _asnkSC 65896 D1 |
||
| 949 |
_64710702680 _91 _astrmkB _bstrmk2008/2680 |
||
| 999 |
_c21027 _d21027 |
||